| 000 | 01139nam a2200193 a 4500 | ||
|---|---|---|---|
| 008 | 120416s0000 ||||||||||||||||| || u | ||
| 020 | _a0442306296 | ||
| 050 | _aTK 7868.S9 Lew | ||
| 100 | _aLewin, Douglas | ||
| 245 | 1 | 0 | _aDesign of logic systems |
| 260 |
_aBerkshire _bELSB/Van Nostrand Reinhold _c1985 |
||
| 300 | _aix,578p. : ill. | ||
| 350 | _a0.00 | ||
| 995 |
_aBINDERY (DAMAGED) _D0.00 _e717768 _FCBU-MAIN LIBRARY (Kitwe) _H3 _I4.95 _jTK 7868.S9 Lew _M5 _UDAMAGED _y016642 _ZMain Library Open Access Collection |
||
| 995 |
_aBINDERY (DAMAGED) _D0.00 _e713868 _FCBU-MAIN LIBRARY (Kitwe) _H2 _I4.95 _jTK 7868.S9 Lew _M4 _UDAMAGED _y016641 _ZMain Library Open Access Collection |
||
| 995 |
_aBINDERY (DAMAGED) _D0.00 _e713869 _FCBU-MAIN LIBRARY (Kitwe) _H1 _I4.95 _jTK 7868.S9 Lew _M1 _UDAMAGED _y016638 _ZMain Library Open Access Collection |
||
| 995 |
_aBINDERY (DAMAGED) _D0.00 _e711778 _FCBU-MAIN LIBRARY (Kitwe) _H5 _I4.95 _jTK 7868.S9 Lew _M3 _UDAMAGED _y016640 _ZMain Library Open Access Collection |
||
| 995 |
_aMAIN LIBRARY OPEN ACCESS _D0.00 _e711779 _FCBU-MAIN LIBRARY (Kitwe) _H4 _I4.95 _jTK 7868.S9 Lew _M2 _UAVAILABLE _y016639 _ZMain Library Open Access Collection |
||
| 999 |
_c63448 _d63448 |
||